00464nam a2200169Ia 450000500170000000800410001702000150005808200170007310000180009024500770010825000160018526000360020130000170023765000170025465000120027165000110028320250220052006.0240331s9999 xx 000 0 und d a0646381067 bGUN24943954 aGunasingam, M 0aIlankaith Thamil Thesiyavatham Athan Aarambath Thottam Pattiyathor Aaivu a2nd Edition aSydneybM. V Publicationsc2003 axvi, 346 p., aTamil Nation aHistory aOrigin